What is modern design? (Record no. 27174)

000 -LEADER
fixed length control field 00993cam a22003011 4500
001 - CONTROL NUMBER
control field 8368260
003 - CONTROL NUMBER IDENTIFIER
control field OSt
005 - DATE AND TIME OF LATEST TRANSACTION
control field 20170207145726.0
008 - FIXED-LENGTH DATA ELEMENTS--GENERAL INFORMATION
fixed length control field 750513s1950 nyua b 000 0 eng
010 ## - LIBRARY OF CONGRESS CONTROL NUMBER
LC control number 51002387
035 ## - SYSTEM CONTROL NUMBER
System control number (OCoLC)1329237
040 ## - CATALOGING SOURCE
Original cataloging agency DLC
Transcribing agency NNCU-G
Modifying agency OCoLC
-- DLC
042 ## - AUTHENTICATION CODE
Authentication code premarc
050 00 - LIBRARY OF CONGRESS CALL NUMBER
Classification number NK1510
Item number .N4
082 ## - DEWEY DECIMAL CLASSIFICATION NUMBER
Classification number 745.43
110 2# - MAIN ENTRY--CORPORATE NAME
Corporate name or jurisdiction name as entry element Museum of Modern Art (New York, N.Y.)
245 10 - TITLE STATEMENT
Title What is modern design?
Statement of responsibility, etc. By Edgar Kaufmann, Jr.
260 ## - PUBLICATION, DISTRIBUTION, ETC. (IMPRINT)
Place of publication, distribution, etc. New York
Date of publication, distribution, etc. [1950]
300 ## - PHYSICAL DESCRIPTION
Extent 30, [2] p.
Other physical details illus.
Dimensions 26 cm.
490 1# - SERIES STATEMENT
Series statement Its Introductory series to the modern arts,
Volume/sequential designation 3
504 ## - BIBLIOGRAPHY, ETC. NOTE
Bibliography, etc Bibliography: p. [32]
650 #0 - SUBJECT ADDED ENTRY--TOPICAL TERM
Topical term or geographic name as entry element Industrial design.
700 1# - ADDED ENTRY--PERSONAL NAME
Personal name Kaufmann, Edgar,
Dates associated with a name 1910-1989.
830 #0 - SERIES ADDED ENTRY--UNIFORM TITLE
Uniform title Introductory series to the modern arts ;
Volume number/sequential designation 3.
906 ## - LOCAL DATA ELEMENT F, LDF (RLIN)
a 7
b cbc
c oclcrpl
d u
e ncip
f 19
g y-gencatlg
942 ## - ADDED ENTRY ELEMENTS (KOHA)
Source of classification or shelving scheme
Koha item type Hard Covered Materials
Classification part NK 1510 .N4 1950
Holdings
Withdrawn status Lost status Source of classification or shelving scheme Damaged status Not for loan Home library Current library Shelving location Date acquired Source of acquisition Total Checkouts Full call number Barcode Date last seen Price effective from Koha item type
          MACHAKOS UNIVERSITY LIBRARY MACHAKOS UNIVERSITY LIBRARY Technical section 07/02/2017 Donation (BFA)   NK 1510 .N4 1950 34542 02/08/2018 07/02/2017 Hard Covered Materials
© Machakos University Library, Along The Highway, Machakos Wote Rd, Machakos, Kenya P.O. Box 136 - 90100 Machakos - Kenya

Tel: ( +254 ) 723 805829 OR Fax : 044-20353 OR Email: library@mksu.ac.ke